محاضرات في تاريخ الاصطلاحات الفلسفية العربية : (Record no. 7533)
[ view plain ]
| 000 -الفاتح | |
|---|---|
| حقل البيانات ثابتة الطول | 01075nac a22001691u 4500 |
| 008 - عناصر البيانات ثابتة الطول - معلومات عامة | |
| حقل البيانات ثابتة الطول | 080903t ua|||||r|||| 001 0 ara d |
| 082 ## - رقم تصنيف ديوى العشرى | |
| رقم التصنيف | 189.014 |
| رقم المادة | م ا س |
| رقم الطبعة | 22 |
| 245 ## - بيان العنوان | |
| العنوان | محاضرات في تاريخ الاصطلاحات الفلسفية العربية : |
| بقية العنوان | من 25 نوفمبر سنة 1912 إلي 24 أبريل سنة 1913 / |
| بيان المسئوليه,etc | لويس ماسينيون ؛تصدير ابراهيم مدكور ؛ تحقيق زينب محمود الخضيري |
| 260 ## - PUBLICATION, DISTRIBUTION, ETC. (IMPRINT) | |
| مكان الناشر او الموزع | القاهرة : |
| اسم الناشر او الموزع | المعهد العلمي الفرنسي للآثار الشرقية ، |
| تاريخ النشر أو التوزيع | [1983] |
| 300 ## - الوصف المادى | |
| التعداد | 252 ص ; |
| أبعاد الوعاء | 24 سم . |
| تفاصيل ماديه اخرى للوعاء | ايض ; |
| 500 ## - تبصرة عامة | |
| تبصرة عامة | العنوان في صفحة العنوان الإضافية باللغة الفرنسية : : Cours d'historie des termes philosophiques arabes (du 25 novembre 1912 au 24 avril 1913) |
| 500 ## - تبصرة عامة | |
| تبصرة عامة | مقدمة للكتاب باللغة الفرنسية |
| 511 ## - | |
| -- | Catalogued by: Sara |
| 541 ## - تبصرة المصدر المباشر للتزويد | |
| مصدر التزويد | ألف باء ؛ |
| طريقة التزويد | شراء ؛ |
| 700 ## - المدخل الاضافى - اسم شخصى | |
| الإسم الشخصى | الخضيري، زينب محمود |
| 9 (RLIN) | 16510 |
| الدور | تحقيق وتقديم |
| 942 ## - عناصر المدخل الإضافي( كوها) | |
| Koha [default] item type | Book - Borrowing |
| سابقة رقم الطلب | 189.014 م ا س |
| مصدر التصنيف او مخطط الترفيف | Dewey Decimal Classification |
| حالة التراجع | حالة الفقد | مصدر التصنيف او خطة الترفيف | حالة تلف | ليس للاعارة | مجموعات كوها | المكان الدائم | المكان الحالي | موقع الترفيف | تاريخ الاكتساب | Source of acquisition | رقم الاستدعاء | الباركود | Date last seen | نوع الوعاء |
|---|---|---|---|---|---|---|---|---|---|---|---|---|---|---|
| Dewey Decimal Classification | Alef-Baa | Central Library | Central Library | Lower Floor | 28/01/2008 | 189.014 ماس | 000009127 | 15/07/2025 | Book - Borrowing |